Auckland City Quiz - Statistics

General Stats
  • This quiz has been taken 423 times
    407 since last reset
  • The average score is 9 of 20
Answer Stats
hint answer % Correct
Tallest structure Sky Tower
88%
Wettest month July
84%
Warmest month February
82%
Main downtown street Queen Street
82%
Airport code AKL
74%
(Super) Rugby team nickname Blues
69%
Auckland's nickname City of Sails
69%
Auckland's Maori name Tamaki Makaurau or Akarana
61%
Harbour crossed by Auckland's longest bridge Waitemata
53%
The highway number of North-Western Motorway 16
52%
Hot mineral pools near Auckland Waiwera
40%
Cricket team nickname Aces
35%
Hot mineral pools near Auckland #2 Parakai
26%
Tallest building Commercial Bay
24%
Maori name for One Tree Hill Maungakiekie
23%
Major local Maori iwi (tribe) Ngati Whatua
22%
The most recent year Auckland was NZ's capital 1865
19%
Lord Auckland's surname, which appears in an Auckland landmark Eden
18%
Hot mineral pools near Auckland #3 Miranda
17%
Highest point, Kohukohunui, is where? Hunua Ranges
10%
No matching quizzes found
Score Distribution
Percent of People with Each Score
Percentile by Number Answered
Your Score History
You have not taken this quiz since the last reset